| 000 | 00381nam a2200133 i 4500 | ||
|---|---|---|---|
| 001 | bg | ||
| 245 | 0 |
_aEngineering Encyclopedia : _ba condensed encyclopedia and mechanical dictionary for engineers, mechanics technicals schools ... |
|
| 260 |
_aNew York, _c1954. |
||
| 040 | _cBPK | ||
| 041 | _apol | ||
| 080 | _a62(03) | ||
| 942 | _cKS | ||
| 008 | s pl f |000 0 pol | ||
| 999 |
_c16255 _d16255 |
||
| 856 |
_uhttp://koha.tu.koszalin.pl/cgi-bin/koha/opac-detail.pl?biblionumber=16255 _yKatalog online BPK |
||